[Event "RUS-ch Rapid Men 2018"]
[Site "Sochi"]
[Date "2018.10.06"]
[Round "10"]
[White "Demchenko, Anton"]
[Black "Alekseev, Evgeny"]
[Result "1-0"]
[WhiteElo "2679"]
[BlackElo "2620"]
[Annotator "TA"]
[PlyCount "59"]
[EventDate "2018.10.05"]
[EventType "swiss"]
[EventCountry "RUS"]
[SourceTitle "playchess.com"]
[Source "ChessBase"]
[SourceQuality "1"]

{[%evp 14,59,12,0,13,2,7,-15,0,0,7,2,26,7,34,27,37,47,50,37,102,91,93,62,147,98,162,172,194,228,226,146,206,195,184,156,159,166,236,226,526,525,658,384,475,429,464,453]} 1. e4 c5 2. Nf3 e6 3. g3 Nc6 4. Bg2 Nf6 5. Qe2 (5. d3 d6 6. O-O Be7 7. c3 O-O 8. Nbd2 {½-½ (8) Morozevich,A (2656)-Chigaev,M (2593) Cheliabinsk 2018}) 5... e5 6. O-O {B40: Sizilianisch (Klassisches System mit e7-e6)} Be7 7. d3 O-O 8. Na3 {LiveBook: 5 Partien. Die Stellung ist ausgeglichen.} d6 9. Nc4 Re8 10. Bg5 h6 11. Bxf6 Bxf6 12. Ne3 Be6 $146 ({Vorgänger:} 12... g6) 13. Nd2 g6 14. c3 Bg7 15. f4 exf4 16. gxf4 d5 (16... f5 $14) 17. f5 $16 gxf5 18. exf5 {[%cal Be4f5,Bf5f6][%mdl 32]} Bd7 ({Lieber} 18... Bc8 $1 $14) 19. Qf2 d4 (19... Re5 $16 {war angesagt.}) 20. Nd5 $1 $36 {[%mdl 2048] Schwarz muss aufpassen.} Re5 21. f6 Bf8 22. Rae1 Kh8 (22... dxc3 $16 {ist eine bessere Verteidigung.} 23. Rxe5 (23. bxc3 Kh8 $16) (23. Nxc3 Rf5 $11) 23... Nxe5 24. bxc3 Kh8) 23. c4 Rg5 24. Kh1 Ne5 25. Be4 Be6 {[#]} (25... Rh5 $142) 26. Rg1 $1 {Und weiter mit Sf3 wäre nett.} Ng4 $2 {[#]} (26... Qd6 27. Rg2 Rxg2 28. Qxg2 Bxd5) 27. Qh4 $1 Qd6 {Wenn Schwarz jetzt Zeit für ...Tg8 hätte...} 28. Bf3 Bxd5 29. cxd5 Qf4 30. Re2 {Precision: Weiß = 71%, Schwarz = 16%.} ({Nicht} 30. Bxg4 Qxd2 31. d6 Qf4 $16) 1-0

[Event "RUS-ch Rapid Men 2018"]
[Site "Sochi"]
[Date "2018.10.06"]
[Round "10"]
[White "Sjugirov, Sanan"]
[Black "Maletin, Pavel"]
[Result "1-0"]
[WhiteElo "2654"]
[BlackElo "2586"]
[Annotator "TA"]
[PlyCount "89"]
[EventDate "2018.10.05"]
[EventType "swiss"]
[EventCountry "RUS"]
[SourceTitle "playchess.com"]
[Source "ChessBase"]
[SourceQuality "1"]

{[%evp 9,89,13,20,6,16,20,24,-22,-21,-48,12,12,14,11,12,13,12,12,18,17,18,10,25,11,19,18,32,19,19,16,47,47,48,0,0,0,0,0,0,0,0,0,0,0,0,0,0,0,0,0,37,13,58,9,9,9,7,0,0,0,9,8,108,124,335,304,304,214,815,350,872,721,769,758,12841,12841,29992,12843,12845,12845,12845,12846]} 1. e4 e5 2. Nf3 Nc6 3. Bb5 g6 4. d4 exd4 5. c3 dxc3 (5... a6 6. Bc4 Bg7 7. cxd4 d6 8. O-O Nf6 9. Nc3 O-O 10. d5 Ne5 11. Nxe5 dxe5 12. Be3 Ne8 {1-0 (58) Grischuk,A (2766)-Mamedyarov,S (2808) Leuven 2018}) 6. Nxc3 {C60: Ruy Lopez: Unusual Black 3rd moves and 3...g6} h6 7. Bf4 Bg7 8. e5 $146 {White has an edge.} ({Predecessor:} 8. Qd2 Nge7 9. O-O d6 10. Nd5 Kf8 11. Rac1 Nxd5 12. exd5 Ne7 {0-1 (79) Szostko,J (2262)-Kanarek,M (2505) Bialystok 2017}) 8... Nge7 9. Qd2 d5 (9... g5 $15 10. Bg3 Nf5) 10. exd6 $11 cxd6 11. O-O {[%cal Bh1f1,Bf1e1,Be1e7][%mdl 32]} Bg4 12. Bxc6+ bxc6 13. Rfe1 O-O 14. Bxd6 Bxf3 15. Rxe7 ({But not} 15. gxf3 Nf5 $15) 15... Bd5 16. Bc5 Be6 17. Qe3 Re8 18. Rxe8+ ({Much worse is} 18. Rxa7 Rxa7 19. Bxa7 Bxa2 $15) 18... Qxe8 19. Bd4 Bf5 20. Qxe8+ Rxe8 21. Bxg7 (21. Bxa7 {looks sharper.} Ra8 22. Be3 Ra5 23. a4 c5 24. Kf1) 21... Kxg7 $14 {[%mdl 4096] Endgame KRB-KRN} 22. Rd1 Bc2 23. Rc1 Bd3 24. b3 c5 {[%cal Bc6c5,Bc5c4][%mdl 32]} 25. f3 c4 26. b4 Kf6 27. Kf2 Rd8 28. Re1 Bf5 29. g4 Bc2 30. a4 a6 31. f4 g5 32. f5 h5 33. h3 hxg4 34. hxg4 Rd4 35. b5 axb5 (35... Bxa4 $1 $11 {remains equal.} 36. bxa6 (36. Nxa4 axb5 37. Nc3 b4 $11) 36... Bc6) 36. axb5 $16 Rxg4 $2 {[#]} (36... Rd2+ $16 37. Kf3 Rd3+ 38. Re3 Rd4) 37. Nd5+ Kg7 38. b6 Rh4 $2 (38... Be4 39. b7 Rg2+ 40. Ke3 Rb2 41. Kxe4 Rxb7) 39. Re8 (39. f6+ $142 Kg6 40. Ne7+ Kxf6 41. b7) 39... Ba4 $2 (39... Be4 40. b7 Rh2+ 41. Kg3 Rb2) 40. f6+ Kh7 41. b7 Bxe8 42. b8=Q Bc6 43. Qf8 (43. Ne7 $142 Rf4+ 44. Kg3 Rf3+ 45. Kg4 Rf4+ 46. Kxg5 Rg4+ 47. Kxg4 Bd7+ 48. Kf4 Bh3 49. Qg8+ Kh6 50. Qh8#) 43... Kg6 44. Ne7+ Kxf6 45. Nxc6 {Precision: White = 65%, Black = 45%.} 1-0

[Event "RUS-ch Rapid Men 2018"]
[Site "Sochi"]
[Date "2018.10.06"]
[Round "10"]
[White "Grachev, Boris"]
[Black "Ponkratov, Pavel"]
[Result "1-0"]
[WhiteElo "2626"]
[BlackElo "2628"]
[Annotator "TA"]
[PlyCount "125"]
[EventDate "2018.10.05"]
[EventType "swiss"]
[EventCountry "RUS"]
[SourceTitle "playchess.com"]
[Source "ChessBase"]
[SourceQuality "1"]

{[%evp 11,125,0,-2,0,21,31,52,45,43,46,39,32,38,8,43,13,26,17,23,13,95,76,72,68,99,104,114,90,122,108,107,106,121,74,77,74,75,76,78,77,73,78,69,65,61,62,63,58,58,57,57,46,54,38,44,32,42,28,40,12,9,8,8,7,7,16,22,23,23,29,37,8,8,5,7,5,5,5,5,5,5,5,5,5,5,5,5,5,5,5,52,52,29978,59,29982,29983,29983,29984,29984,29985,29985,29986,29986,29987,29987,29988,29987,29986,29990,29991,29991,29991,29992,29993,29995,29994]} 1. d4 d5 2. Bf4 c5 3. e3 Nc6 4. c3 Nf6 5. Nd2 Bf5 6. Ngf3 e6 7. Nh4 {D00: 1 d4 d5: Unusual lines} Bg4 8. Qb3 {Hoping for h3.} Qc8 9. h3 {White is slightly better.} Bh5 10. g4 Bg6 11. Nxg6 hxg6 12. Bg2 Be7 13. O-O $36 {[%mdl 2048] White has good play.} O-O {[#]} 14. Rfe1 $146 ({Predecessor:} 14. Rac1 c4 {1-0 (38) Grachev,B (2654)-Oganian,M (2454) Sochi 2017}) 14... Qd7 15. Rad1 Bd6 (15... Rfd8 $11 {keeps the balance.}) 16. Bxd6 $16 Qxd6 17. Qa3 $1 ({Of course not} 17. Qxb7 cxd4 18. cxd4 Nb4 $11) 17... Rfd8 18. Qxc5 Qxc5 19. dxc5 Ne5 20. Nf3 Nxf3+ 21. Bxf3 Rac8 22. c4 Rxc5 23. cxd5 exd5 24. g5 Ne8 25. b4 Rb5 26. a3 Nc7 27. Rd2 Kf8 28. h4 Rb6 29. Rc1 Rc6 30. Rxc6 bxc6 $14 {[%mdl 4096] Endgame KRB-KRN} 31. Rc2 Rd6 32. a4 Ne6 33. Kg2 Ke7 34. Kg3 Kd7 35. b5 cxb5 36. axb5 {Black should prevent Ra2.} Nc7 37. Bg4+ Kd8 $1 38. Be2 {With the idea Ra2.} a6 39. bxa6 Nxa6 40. Bxa6 Rxa6 $11 {KR-KR} 41. Rd2 Rd6 42. e4 d4 43. e5 Rd5 44. f4 Ke7 45. Kf3 Rd8 46. Ke4 Rh8 47. Rh2 Ke6 48. Rh3 Rd8 49. Ra3 d3 50. Rxd3 Rxd3 51. Kxd3 {KP-KP} Kf5 $2 {[%mdl 8192] [#]} (51... Ke7 $14) 52. Ke3 $2 (52. Kd4 $1 {mates} Kg4 53. Kd5 Kf5 54. Kd6 Kxf4 55. Ke7 Kg3 56. Kxf7 Kxh4 57. Kxg6) 52... Kg4 $2 {[%mdl 8192]} (52... Ke6 $14) 53. Ke4 {White mates.} Kxh4 {K3P-K3P} 54. Kf3 Kh3 {[#]} 55. f5 $1 {[%mdl 512]} gxf5 {[#]} 56. g6 $1 {[%mdl 512]} fxg6 {KP-KP} 57. e6 g5 58. e7 g4+ 59. Ke2 f4 60. e8=Q Kg2 61. Qe4+ Kg3 62. Qe5 g5 63. Qxg5 {Precision: White = 57%, Black = 58%.} 1-0

[Event "RUS-ch Rapid Men 2018"]
[Site "Sochi"]
[Date "2018.10.06"]
[Round "10"]
[White "Oparin, Grigoriy"]
[Black "Tomashevsky, Evgeny"]
[Result "1/2-1/2"]
[WhiteElo "2624"]
[BlackElo "2705"]
[Annotator "TA"]
[PlyCount "89"]
[EventDate "2018.10.05"]
[EventType "swiss"]
[EventCountry "RUS"]
[SourceTitle "playchess.com"]
[Source "ChessBase"]
[SourceQuality "1"]

{[%evp 22,89,35,12,9,8,15,-12,0,-1,-10,-6,0,0,37,27,56,69,47,17,47,42,67,55,59,46,39,0,0,0,-6,-42,-14,-16,-20,-15,0,-33,0,-45,-13,-10,-10,-34,0,0,0,0,0,-31,-6,-11,-10,-22,0,0,0,0,0,0,0,0,0,0,0,0,0,0,0,0]} 1. Nf3 d5 2. g3 Nf6 3. Bg2 e6 4. d4 Be7 5. c4 O-O 6. Nc3 dxc4 7. Ne5 Nc6 8. Bxc6 bxc6 9. Nxc6 Qe8 10. Nxe7+ Qxe7 11. Qa4 c5 12. dxc5 {LiveBook: 28 Games. E06: Closed Catalan: Early deviations} Qxc5 13. Be3 Qc7 14. O-O-O Ng4 {[#]} 15. Rd4 $146 ({Predecessor:} 15. Rd2 Nxe3 16. fxe3 Rb8 17. Rhd1 a5 18. Kb1 h6 19. Ka1 Rb4 {1-0 (49) Caruana,F (2822)-Nakamura,H (2777) Saint Louis 2018}) 15... Nxe3 16. fxe3 Rb8 {[#] Threatens to win with ...Qb7.} 17. Rhd1 {[%cal Bh1d1,Bd1d2,Bd2d4][%mdl 32]} Qb6 {[%csl Gb8][%cal Rb6b2]} 18. Qa3 Bb7 19. Qd6 $1 Rfc8 20. R1d2 Qxd6 21. Rxd6 Bc6 22. R2d4 Be8 $1 23. Kc2 Kf8 24. Ne4 Bb5 25. Kc3 Ke7 26. Ng5 Rc7 27. Rd2 (27. Nxh7 f6 $17) 27... Rc5 28. Nf3 $1 Bc6 29. R6d4 Rb6 30. Ne1 Ra5 31. Rxc4 Rxa2 32. Nd3 Ra1 (32... Bd5 $5 {[%cal Rd5c4]} 33. Rc8 Rb3+ 34. Kc2 Rb7 $15) 33. e4 a5 34. e5 g5 35. h4 h6 36. hxg5 {The position is equal.} hxg5 37. Kd4 Be8 38. Rc7+ Kf8 39. Rc8 Ra4+ 40. Ke3 {[#] aiming for Nc5.} Rc6 $1 {[%cal Rc6c8]} 41. Rb8 Ke7 42. Rb7+ Kf8 43. Rb8 Ke7 44. Rb7+ Kf8 45. Rb8 {Precision: White = 53%, Black = 57%.} 1/2-1/2

[Event "RUS-ch Rapid Men 2018"]
[Site "Sochi"]
[Date "2018.10.06"]
[Round "10"]
[White "Kobalia, Mikhail"]
[Black "Usmanov, Vasily"]
[Result "1-0"]
[WhiteElo "2620"]
[BlackElo "2453"]
[Annotator "TA"]
[PlyCount "75"]
[EventDate "2018.10.05"]
[EventType "swiss"]
[EventCountry "RUS"]
[SourceTitle "playchess.com"]
[Source "ChessBase"]
[SourceQuality "1"]

{[%evp 18,75,0,0,-15,-4,10,10,5,4,7,5,52,57,54,46,63,73,107,97,256,254,298,294,301,270,247,252,229,185,219,195,201,204,209,200,206,199,185,163,163,191,179,179,165,145,336,332,329,339,334,325,472,508,418,435,467,423,1470,1397]} 1. e4 e6 2. d3 c5 3. Nf3 Nc6 4. g3 g6 5. Bg2 Bg7 6. O-O Nge7 7. Re1 d6 8. c3 e5 9. Na3 O-O {A04: Unusual lines after 1 Nf3 and King's Indian Attack} 10. Nc2 {LiveBook: 18 Games} d5 (10... h6 11. a3 Be6 12. b4 b6 13. b5 Na5 14. c4 Nb3 15. Rb1 Nxc1 16. Qxc1 Qd7 {½-½ (45) Giri,A (2773)-Topalov,V (2798) Stavanger 2015}) 11. b4 dxe4 $146 {The position is equal.} ({Predecessor:} 11... cxb4 12. cxb4 a6 13. Bb2 d4 14. a4 Bd7 15. h4 b5 16. axb5 axb5 17. Qd2 {½-½ (55) Rotstein,J (2345)-Privalov,Y Lvov 1997}) 12. dxe4 cxb4 13. cxb4 Qxd1 14. Rxd1 Be6 15. b5 Na5 16. Ba3 Rfe8 17. Ng5 Bg4 18. f3 $36 {[%mdl 2048] White is in control.} Rac8 $2 {[#]} (18... Bh6 $16) 19. Ne3 $1 $18 (19. fxg4 Rxc2 20. Bb4 Bh6 $14) 19... f6 20. Nxg4 fxg5 21. Rd7 h5 22. Ne3 ({Resist} 22. Rxe7 $6 hxg4 23. Rxe8+ (23. fxg4 Red8 $16) 23... Rxe8) 22... Bf8 23. Bb4 Nf5 24. exf5 Bxb4 {[#]} 25. Nd5 $1 ({And not} 25. fxg6 Bc5 $17) 25... Bc5+ 26. Kh1 Red8 27. Nf6+ Kf8 28. fxg6 {[%csl Gd7][%cal Rg6g7]} Rxd7 29. Nxd7+ Kg7 30. Rc1 b6 31. Nxe5 Nb7 $2 (31... h4 $16) 32. f4 Nd6 33. fxg5 Nxb5 34. Nd3 Nd4 (34... Kxg6 {is a better defense.} 35. h4 Kh7 36. Be4+ Kg8) 35. Nf4 Re8 36. Rd1 Re3 37. h4 Ra3 (37... Re7 $142 38. Nxh5+ Kxg6) 38. Be4 {Precision: White = 80%, Black = 42%.} 1-0

[Event "RUS-ch Rapid Men 2018"]
[Site "Sochi"]
[Date "2018.10.06"]
[Round "10"]
[White "Gordievsky, Dmitry"]
[Black "Mikhailovsky, Vladimir"]
[Result "1-0"]
[WhiteElo "2615"]
[BlackElo "2185"]
[Annotator "TA"]
[PlyCount "75"]
[EventDate "2018.10.05"]
[EventType "swiss"]
[EventCountry "RUS"]
[SourceTitle "playchess.com"]
[Source "ChessBase"]
[SourceQuality "1"]

{[%evp 9,74,31,36,33,41,18,71,18,18,17,16,14,18,13,51,36,63,85,60,30,47,39,87,73,120,123,102,97,168,159,162,139,298,300,310,308,321,313,329,327,302,297,309,312,278,216,332,318,289,214,209,213,212,202,401,399,367,364,349,310,1143,1093,1035,1016,29993,29994,29999]} 1. Nf3 d5 2. e3 Bg4 3. c4 Bxf3 (3... c6 4. Qb3 Qc7 5. cxd5 cxd5 6. Bb5+ Nd7 7. Nc3 Bxf3 8. gxf3 e6 9. d4 a6 10. Be2 Qb6 11. Bd2 Qxb3 12. axb3 {1-0 (55) Harikrishna,P (2732)-Navara,D (2727) Prague 2018}) 4. Qxf3 e6 5. b3 Nf6 6. Bb2 {A09: Réti Opening: 1 Nf3 d5 2 c4} Be7 $146 ({Predecessor:} 6... Nbd7 7. Nc3 c6 8. Qd1 Bd6 9. d4 h5 10. Qc2 a6 11. Bd3 b5 12. h3 {½-½ (12) Bekasovs,R (2052)-Malinin,Y (2197) Panevezys 2018}) 7. g4 h6 (7... Nc6 $11 {remains equal.}) 8. Bg2 (8. h4 $16) 8... c6 $11 9. Qe2 Nbd7 10. O-O Qc7 11. Nc3 dxc4 12. bxc4 g5 13. Ne4 h5 14. f4 (14. gxh5 {is interesting.} Rxh5 15. Nxf6+ Nxf6 16. f4 Rh4 17. Be5) 14... hxg4 15. Nxg5 Rh6 16. d4 Nh7 17. Nxh7 (17. Qxg4 Nxg5 18. fxg5 Qxh2+ 19. Kf2 Rh4 $15) 17... Rxh7 18. d5 O-O-O (18... f5 $16 {was necessary.}) 19. dxc6 $18 bxc6 20. c5 (20. Qxg4 Bf6 $16) 20... Bf6 $2 (20... Bxc5 $16 {keeps fighting.} 21. Rab1 Rh5) 21. Bxf6 Nxf6 22. Rab1 {Black must now prevent Qa6+.} Kd7 {[#]} 23. Qa6 $1 Ke8 24. Rb7 (24. Qxc6+ Qxc6 25. Bxc6+ Kf8 $18) (24. Bxc6+ Kf8 $18) 24... Qc8 25. Qxc6+ (25. Bxc6+ $6 Kf8 $18) 25... Kf8 26. Qxc8 ({Don't do} 26. Rxa7 $6 Qxc6 27. Bxc6 Rh3 $16) 26... Rxc8 27. Rc1 (27. Rxa7 Rxc5 28. e4 Rhh5 $16) 27... Rh5 (27... a6 $142 28. c6 Nd5) 28. c6 {[%cal Bc5c6,Bc6c7][%mdl 32]} ({Not} 28. Rxa7 Rhxc5 29. Rxc5 Rxc5 $14) 28... Nd5 29. c7 ({Weaker is} 29. Rxa7 Nxe3 30. Rc3 Nd5 $16) 29... Ke7 30. Rxa7 Kd6 31. Ra5 f5 $2 (31... Rxc7 32. Rxc7 Kxc7) 32. Ra6+ Kd7 33. Bxd5 $1 exd5 34. Rf6 Rch8 $2 (34... Ke7 35. Rfc6 Kd7) 35. Rf7+ Ke6 36. Rg7 {[%cal Rc1c6] [#]} Kf6 37. Rd7 {[%cal Rc1c6]} Rxh2 38. Rc6# {Precision: White = 89%, Black = 30%.} 1-0

[Event "RUS-ch Rapid Men 2018"]
[Site "Sochi"]
[Date "2018.10.06"]
[Round "10"]
[White "Esipenko, Andrey"]
[Black "Paravyan, David"]
[Result "1/2-1/2"]
[WhiteElo "2609"]
[BlackElo "2629"]
[Annotator "TA"]
[PlyCount "51"]
[EventDate "2018.10.05"]
[EventType "swiss"]
[EventCountry "RUS"]
[SourceTitle "playchess.com"]
[Source "ChessBase"]
[SourceQuality "1"]

{[%evp 15,51,34,46,0,0,0,2,-4,0,0,0,0,0,-6,0,12,15,13,37,36,34,29,25,21,46,45,150,162,176,100,235,264,337,333,2174,1820,1731,1712]} 1. d4 d5 2. Nf3 Nf6 3. Bf4 c5 4. e3 Nc6 5. Nbd2 cxd4 6. exd4 Bg4 7. c3 e6 {B13: Caro-Kann: Exchange Variation and Panov-Botvinnik Attack} 8. Qb3 Bd6 {LiveBook: 6 Games} 9. Bg3 (9. Qxb7 O-O 10. Bg3 Rc8 11. Bd3 Bxg3 12. hxg3 Qd6 13. Qa6 Rb8 14. Nb3 Rb6 15. Qa4 {1-0 (25) Eljanov,P (2707)-Hammer,J (2629) Palma de Mallorca 2017}) 9... Qc7 {The position is equal.} 10. Bd3 O-O 11. O-O Bxg3 $146 ({Predecessor:} 11... e5 12. dxe5 Nxe5 13. Nxe5 Bxe5 14. Rfe1 Bxg3 15. hxg3 Rac8 16. Nf3 Bxf3 17. gxf3 {½-½ (48) Lehti,J (2070)-Vesalainen,P Vammala 1999}) 12. hxg3 Bf5 13. Bxf5 exf5 14. Rfe1 Rfe8 15. Rxe8+ Rxe8 16. Re1 Re6 (16... Rd8 {is interesting.} 17. Nf1 h5 18. Ne5 g6 19. Nd3 Kg7) 17. Rxe6 fxe6 18. Ne1 Na5 19. Qa4 a6 20. Nd3 Nd7 {[#]} (20... h6 $14) 21. Nc5 $1 $16 {[%cal Rc5d7]} Nf6 22. Nf3 (22. Qb4 $18) 22... h6 (22... Qb6 $16 {was necessary.}) 23. Ne5 $18 ({Don't play} 23. Nxe6 $6 Qb6) 23... Qb6 24. Ned7 Nxd7 $2 {[#]} (24... Qb5 25. Qxb5 axb5 26. Nxf6+ gxf6 27. Nxe6 Kf7) 25. Qxd7 ({Less strong is} 25. Nxd7 Qc6 $14) 25... Qc6 26. Qe7 {[%mdl 32768] Precision: White = 79%, Black = 24%. . An unexpected result.} 1/2-1/2

[Event "RUS-ch Rapid Men 2018"]
[Site "Sochi"]
[Date "2018.10.06"]
[Round "10"]
[White "Chigaev, Maksim"]
[Black "Sychev, Klementy"]
[Result "1-0"]
[WhiteElo "2599"]
[BlackElo "2534"]
[Annotator "TA"]
[PlyCount "151"]
[EventDate "2018.10.05"]
[EventType "swiss"]
[EventCountry "RUS"]
[SourceTitle "playchess.com"]
[Source "ChessBase"]
[SourceQuality "1"]

{[%evp 11,151,-18,-1,-4,4,7,1,8,-1,1,8,8,4,3,9,2,19,0,0,0,10,6,11,-4,20,15,17,17,18,0,14,14,19,17,3,0,14,5,28,31,61,55,40,58,79,79,69,23,23,0,0,0,0,0,0,-21,9,-30,31,31,31,29,40,25,43,38,79,90,96,102,111,33,95,78,135,92,86,71,77,-4,-3,-4,-4,-4,-11,-6,0,0,0,0,7,0,2,0,21,0,9,9,10,10,19,8,38,37,58,43,52,35,61,61,63,44,45,27,21,26,72,0,0,0,0,0,0,0,0,0,443,398,1591,1650,29956,29960,1603,111,12844,12836,29980,29980,29980,29982,29987,29988]} 1. e4 c5 2. Nf3 d6 3. Nc3 Nf6 4. e5 dxe5 5. Nxe5 a6 6. g3 {B50: Sicilian: 2...d6, Miscellaneous} Qd6 {LiveBook: 10 Games} 7. Nf3 b5 8. Bg2 {The position is equal.} Bb7 9. O-O e6 10. d3 $146 ({Predecessor:} 10. Re1 Nbd7 11. d3 Be7 12. a4 Qb6 13. b3 O-O {0-1 (44) Nikolenko,O (2505)-Khismatullin,D (2609) Sochi 2016}) 10... Be7 11. a4 b4 12. Nb1 {[%cal Bc3b1,Bb1d2,Bd2c4][%mdl 32]} O-O 13. Nbd2 Nc6 14. Nc4 Qd8 15. Nfd2 Nd5 16. Nb3 Rc8 17. Re1 Re8 18. Qg4 Nf6 19. Qe2 Nd5 20. Qg4 Nf6 21. Qh3 Ba8 22. Be3 $36 {[%mdl 2048] Black is under pressure.} Nd7 23. Bf4 Nf6 24. a5 Nd4 25. Nxd4 Bxg2 26. Qxg2 cxd4 27. Be5 Rc5 28. Qb7 Qd5 29. Qxd5 Rxd5 30. Nb6 Rc5 31. Bxd4 Rxc2 32. Rac1 Rd2 33. Re3 b3 34. Bc3 {[#]} Rc2 (34... Rxf2 $1 $11 {[%mdl 512]} 35. Rxe6 (35. Kxf2 Ng4+ 36. Ke2 Nxe3 $17) 35... Rc2) 35. Rxc2 $14 bxc2 36. Re1 Rd8 37. Rc1 Rxd3 {Hoping for ...Rd1+.} 38. Rxc2 Ne4 {[#]} 39. Be1 $1 g5 40. Kf1 Rb3 41. Nd7 (41. Na4 $16) 41... Rb7 (41... Bb4 $14) 42. Nb6 $16 Bc5 (42... Nc5 $142) 43. f3 {Black must now prevent Na4.} Bxb6 44. axb6 {[%mdl 4096] Endgame KRB-KRN} Nf6 45. Ba5 (45. Bf2 $16 Nd5 46. Rc8+ Kg7 47. Bd4+ Kg6 48. g4) 45... Nd5 $11 {And now ...Ne3+ would win.} 46. Rc7 Rb8 47. Rc6 Kf8 48. Bd2 Nxb6 49. Bxg5 Nd5 50. Bc1 Nb4 51. Rd6 Rc8 52. Bd2 Nd5 53. Ke2 Rc2 54. Rd8+ Kg7 55. Rb8 Rc6 56. h4 {[%cal Bh2h4,Bh4h5][%mdl 32]} h6 57. h5 Rc5 58. g4 {[%cal Bg3g4,Bg4g5][%mdl 32]} Rc6 59. Rb7 Rc5 60. Kd3 Rc6 61. f4 Rd6 62. Ke2 Rc6 63. g5 Rc4 64. Kf3 ({Better is} 64. Kd3 $16 Rc6 65. b3 (65. g6 Rc7 $16)) 64... Rd4 {aiming for ...hxg5.} 65. Bc3 $1 {[%cal Rc3d4]} Nxc3 66. bxc3 {KR-KR} Rd5 67. Kg4 hxg5 68. fxg5 Rd1 $2 {[%mdl 8192] [#]} (68... Rc5 $11 {and Black has nothing to worry.}) 69. g6 $1 $18 Rg1+ $2 (69... Rf1 70. c4 a5) 70. Kf3 Kh6 71. gxf7 Rf1+ 72. Ke4 $2 (72. Ke2 $18 {and the rest is easy.} Rf6 73. c4) 72... Kg7 $2 {[%mdl 8192]} (72... Kxh5 $16 73. c4 Kg6) 73. c4 {[%cal Bc3c4,Bc4c5,Bc5c6][%mdl 32]} Rf5 {[#]} 74. c5 $1 {[%mdl 512] White mates.} Rxh5 (74... Rxc5 75. h6+) 75. c6 Rh8 {[#]} 76. f8=Q+ $1 {[%mdl 512] Precision: White = 62%, Black = 39%.} 1-0

[Event "RUS-ch Rapid Men 2018"]
[Site "Sochi"]
[Date "2018.10.06"]
[Round "10"]
[White "Kryakvin, Dmitry"]
[Black "Yashmetov, Mikhail"]
[Result "1/2-1/2"]
[WhiteElo "2595"]
[BlackElo "2394"]
[Annotator "TA"]
[PlyCount "72"]
[EventDate "2018.10.05"]
[EventType "swiss"]
[EventCountry "RUS"]
[SourceTitle "playchess.com"]
[Source "ChessBase"]
[SourceQuality "1"]

{[%evp 9,72,19,20,27,34,32,34,28,62,43,26,23,15,14,12,-38,-19,-27,0,0,0,0,0,0,0,0,0,-19,10,6,31,27,33,8,31,3,43,0,0,0,0,0,0,0,0,0,3,0,0,0,0,0,0,0,0,0,0,0,0,0,0,0,0,0,0]} 1. d4 Nf6 2. Bg5 c5 3. Bxf6 exf6 4. c3 (4. e3 d5 5. Nc3 Nc6 6. Nge2 Be6 7. g3 cxd4 8. exd4 Bb4 9. Bg2 Bxc3+ 10. Nxc3 Qb6 11. Qd2 O-O 12. O-O-O Rfd8 {1-0 (57) Van Wely,L (2650)-Van Kampen,R (2637) Netherlands 2015}) 4... cxd4 5. cxd4 Qb6 6. Qd2 {A45: Trompowsky Attack} Bb4 $146 ({Predecessor:} 6... Nc6 7. e3 d5 8. Nc3 Be6 9. Bd3 Bd6 10. Nge2 O-O 11. Rc1 Na5 {0-1 (90) Schneider,S (2343)-Andersson,T (2368) Sweden 2013}) 7. Nc3 O-O 8. e3 {White is slightly better.} Re8 9. Nge2 Nc6 {[%cal Bb8c6,Bc6a5,Ba5c4][%mdl 32]} 10. g3 d6 11. Bg2 Bg4 12. f3 Be6 13. O-O {Threatening d5.} Bc4 14. Rfe1 Na5 15. Nf4 Rac8 16. Qf2 Bxc3 17. bxc3 Be6 18. Rec1 g6 19. e4 Nc4 20. Bf1 Qa5 21. Rab1 {next d5 is good for White.} (21. a4 {is interesting.} d5 22. Qa2 Nb6 23. Qb3 dxe4 24. Nxe6 Rxe6 25. Qb5) 21... Rc7 22. Nxe6 Rxe6 (22... fxe6 {feels hotter.} 23. Bxc4 Rxc4 24. Rxb7 Rxc3 25. Qd2 Rec8) 23. Bxc4 Rxc4 {The position is equal.} 24. Rxb7 {Black must now prevent d5.} Rxc3 25. Rxc3 Qxc3 $14 {[%mdl 4096] Endgame KQR-KQR} 26. Kg2 Re8 27. Qb2 ({Not} 27. Rxa7 $2 Rb8 $19) 27... Qa5 28. Rb8 Rxb8 29. Qxb8+ $11 {KQ-KQ} Kg7 30. Qb2 Qe1 31. g4 g5 32. Qf2 Qd1 33. d5 a5 34. Qb6 Qe2+ 35. Qf2 Qd1 36. Qb6 Qe2+ {Precision: White = 71%, Black = 61%.} 1/2-1/2